00638 a2200193 4500003000400000005001700004008004100021020001800062040000900080082002000089100002400109245005000133250001200183260003300195300001000228942004600238952014300284999001700427OSt20231211133915.0231207b |||||||| |||| 00| 0 eng d a9789354829659 coclc a894.8123bTOM/A aTomy, Sheela910079 aAa Nadiyodu Peru Chodikkaruthu /cSheela Tomy a3rd ed. aKottayam:bD C Books,c2023. a304p. 2ddccBKh894.8123iTOM/Ak894.8123mTOM/A 00102ddc40708FICaMESbMEScMALd2023-12-07l3o894.8123 TOM/Ap43380r2025-01-28 12:42:54s2025-01-24v360.00w2023-12-07yBKzGR29R2 c44010d44010